| 000 | 00748 a2200205 4500 | ||
|---|---|---|---|
| 020 | _a0072460857 | ||
| 040 |
_aDLC _bDLC |
||
| 082 | 0 | 0 | _a621.39/5 |
| 100 | 1 | _aBrown, Stephen D. | |
| 245 | 1 | 0 |
_aFundamentals of digital logic with VHDL design _cStephen Brown, Zvonko Vranesic. |
| 250 | _a2nd ed. | ||
| 260 |
_aDubuque, IA : _bMcGraw-Hill Companies, _cc2005. |
||
| 300 |
_ax, 939 p. : _bcol. ill. ; _c24 cm. + _e1 CD-ROM (4 3/4 in.). |
||
| 440 | 0 | _aMcGraw-Hill series in electrical and computer engineering | |
| 650 | 0 |
_aLogic circuits _xDesign and construction _xData processing. |
|
| 650 | 0 |
_aLogic design _xData processing. |
|
| 650 | 0 | _aVHDL (Computer hardware description language) | |
| 700 | 1 | _aVranesic, Zvonko G. | |
| 942 |
_cBK _k621.395 BRO _2ddc |
||
| 999 |
_c4773 _d4773 |
||